000 00593nam a2200229Ia 4500
003 OSt
005 20230523163234.0
008 210423s2013 xx 000 0 und d
020 _a978-81-317-2059-2
040 _cAL
041 _aeng
082 _a543.0858 MCHM
_223
100 _aMCHALE (Jeanne L).
_9111528
245 _aMolecular spectroscopy.
260 _aNew Delhi
_bPearson Education Pvt Ltd
_c2013
300 _axv,463
_bPB
365 _b599
_cINR
650 _aChemistry
_9111529
650 _aSpectroscopy
_9111530
906 _aMolecular ; spectroscopy.
942 _2ddc
_cBK
999 _c165317
_d165317